00460pam a2200145 a 4500020000500000041000500005082001500010100002100025245004000046260002600086300001800112930000900130999001900139952015600158 c h a700.1bGOM aE. H. Gombrich . aThe Story of ArthTextual Documents aAmericabPhaidon Book a1046:bpaper. a5252 c239042d239042 001040708Text BooksaFAPbFAPd2009-09-24eBhararti Sahakari Grahak Bhandarg1650.00l0o700.1 GOMpFAP-5521r2023-03-07 00:00:00t1w2023-03-07yBK